Statistics for Super Smash Bros. Melee Newcomers

Click here to take the quiz!

General Stats

  • This quiz has been taken 85 times
  • The average score is 13 of 14

Answer Stats

SeriesCharacter% Correct
Super MarioPeach
96%
StarFox Falco
94%
The Legend of ZeldaGanondorf
94%
Ice ClimberIce Climbers
94%
Fire EmblemMarth
94%
Game and WatchMr. Game and Watch
94%
The Legend of ZeldaSheik
94%
The Legend of ZeldaZelda
94%
Super MarioBowser
93%
Pokémon Pichu
93%
Fire EmblemRoy
93%
The Legend of ZeldaYoung Link
93%
Pokémon Mewtwo
88%
Super MarioDr. Mario
83%

Score Distribution

Percentile by Number Answered

Percent of People with Each Score

Your Score History

You have not taken this quiz